000
00220 a2200097 4500
001
43583
100
_a
Shakespeare
245
_a
Tragedies of Shakespeare
260
_a
New York
_b
Modern library
_c
090
_c
27400
_d
27400
942
_a
NUST-CAE
_c
M
_c
19337
999
_c
278656
_d
278656